000 01022nam a2200277 a 4500
001 000002970
005 20250701132841.0
008 090706s1994 dr a r 000 0 spa d
020 _a8489525471
040 _aDO-SdBNP
_bspa
_cBNPHU
082 _a338.98
_bP438d
100 1 _aPérez Minaya, Ramón
_99437
245 1 3 _aEl desarrollo y la opción neoliberal /
_cRamón Pérez Minaya ; prefacio Eduardo Latorre.
260 _aSanto Domingo :
_bINTEC,
_c1994.
300 _a193 p. :
_bil. ;
_c23 cm.
504 _aIncluye referencias bibliográficas y notas a pie de páginas.
504 _aBibliografía : p. 187-193.
590 _aInventariado, 2018/BT
650 0 _aDesarrollo económico
_985548
650 4 _aNeoliberalismo
_91531
651 4 _aAmérica Latina
_xCondiciones Económicas
_95778
651 4 _aAmérica Latina
_xPolítica Económica
_99438
651 4 _aAmérica Latina
_xCondiciones Sociales
_95034
700 1 _aLatorre, Eduardo,
_d1941-2003
_epref.
_97187
910 _aValidado. Control de calidad. EMS
999 _c2802
_d2802